ជីវវិទ្យា (Record no. 8525)

000 -LEADER
fixed length control field 00228nam a22001097a 4500
040 ## - CATALOGING SOURCE
Transcribing agency SK
082 ## - DEWEY DECIMAL CLASSIFICATION NUMBER
Classification number 570
100 ## - MAIN ENTRY--AUTHOR NAME
Personal name ឌុក ឆេង
245 ## - TITLE STATEMENT
Title ជីវវិទ្យា
260 ## - PUBLICATION, DISTRIBUTION, ETC. (IMPRINT)
Place of publication RUA
Name of publisher ឌុក
Year of publication 1994
942 ## - ADDED ENTRY ELEMENTS (KOHA)
Koha item type សៀវភៅភាសាខ្មែរ
952 ## - LOCATION AND ITEM INFORMATION (KOHA)
Withdrawn status [LOCAL, KOHA] 0
952 ## - LOCATION AND ITEM INFORMATION (KOHA)
Withdrawn status [LOCAL, KOHA] 0
952 ## - LOCATION AND ITEM INFORMATION (KOHA)
Withdrawn status [LOCAL, KOHA] 0
952 ## - LOCATION AND ITEM INFORMATION (KOHA)
Withdrawn status [LOCAL, KOHA] 0
952 ## - LOCATION AND ITEM INFORMATION (KOHA)
Withdrawn status [LOCAL, KOHA] 0
952 ## - LOCATION AND ITEM INFORMATION (KOHA)
Withdrawn status [LOCAL, KOHA] 0
952 ## - LOCATION AND ITEM INFORMATION (KOHA)
Withdrawn status [LOCAL, KOHA] 0
952 ## - LOCATION AND ITEM INFORMATION (KOHA)
Withdrawn status [LOCAL, KOHA] 0
952 ## - LOCATION AND ITEM INFORMATION (KOHA)
Withdrawn status [LOCAL, KOHA] 0
Holdings
Permanent Location Date acquired Koha item type Lost status Shelving location Barcode Current Location Full call number
Library Block C2016-08-03សៀវភៅភាសាខ្មែរ C165RUA047040Library Block C570 ឌុក 1994 C165
Library Block C2016-08-03សៀវភៅភាសាខ្មែរ C165RUA045676Library Block C570 ឌុក 1994 C165
Library Block C2016-08-03សៀវភៅភាសាខ្មែរ C165RUA062365Library Block C570 ឌុក 1994 C165
Library Block C2016-08-03សៀវភៅភាសាខ្មែរ C165RUA046980Library Block C570 ឌុក 1994 C165
Library Block C2016-08-03សៀវភៅភាសាខ្មែរ C165RUA045866Library Block C570 ឌុក 1994 C165
Library Block C2016-08-03សៀវភៅភាសាខ្មែរ C165RUA061495Library Block C570 ឌុក 1994 C165
Library Block C2016-08-03សៀវភៅភាសាខ្មែរ C165RUA061440Library Block C570 ឌុក 1994 C165
Library Block C2016-08-03សៀវភៅភាសាខ្មែរ C165RUA045073Library Block C570 ឌុក 1994 C165
Library Block C2016-08-03សៀវភៅភាសាខ្មែរ C165RUA062283Library Block C570 ម៉ៅ 1948 C165
មជ្ឈមណ្ឌលឯការនៃសាកលវិទ្យាល័យភូមិន្ទកសិកម្មចំការដូង

Powered by Koha